Cíle a postupy finanční politiky v roce 1991.

Dlhodobé riešenie makroekonomickej rovnováhy vyžadovalo zásadnú zmenu celého ekonomického systému. Stratégia ekonomickej transformácie sa skladá z troch okruhov: 1. Reštriktívna makroekonomická politika, 2. Transformácia vlastníckej štruktúry - privatizácia. 3. Makroekonomické opatrenia - liberalizá...

Full description

Saved in:
Bibliographic Details
Main Author: Klaus, Václav
Format: Book Chapter
Language:Czech
Subjects:
Tags: Add Tag
No Tags, Be the first to tag this record!

MARC

LEADER 00000naa a2200000 4500
001 r001804
005 20220819172118.6
041 0 |a cze 
044 |a [CS] 
245 1 0 |a Cíle a postupy finanční politiky v roce 1991.  |c Václav Klaus 
520 |a Dlhodobé riešenie makroekonomickej rovnováhy vyžadovalo zásadnú zmenu celého ekonomického systému. Stratégia ekonomickej transformácie sa skladá z troch okruhov: 1. Reštriktívna makroekonomická politika, 2. Transformácia vlastníckej štruktúry - privatizácia. 3. Makroekonomické opatrenia - liberalizácia cien, zahraničného obchodu, vnútorná konvertibilita koruny. Zhodnotenie vývoja za rok 1990. Zámery reštriktívnej finančnej politiky pre rok 1991. 
610 2 0 |a politika finančná 
610 2 0 |a 1990-1991 
610 2 0 |a ČSFR 
610 2 0 |a rovnováha hospodárska 
610 2 0 |a makroekonomika 
610 2 0 |a stratégia hospodárska 
610 2 0 |a privatizácia 
610 2 0 |a ceny 
610 2 0 |a liberalizácia 
610 2 0 |a obchod zahraničný 
610 2 0 |a konvertibilita 
100 1 |a Klaus, Václav